000 00766nam a22002417a 4500
003 DO-SdBPM
005 20250516114837.0
008 161130b 1987 cl a00| 0 spa d
020 _a9789580404095
040 _aDO-SdBPM
_bspa
_cBPMSU
082 4 _a372.4
_bW214b 1987
_222
100 1 _aSeymour, Peter
245 1 3 _aLa bella durmiente /
_cPeter Seymour ; ilustraciones John Wallner
260 _aColombia :
_bEditorial Norma,
_c1987.
300 _a10 p. :
_bil., ;
_c22 cm.
590 _aInventariado, 2025/VM
650 4 _aLibros animados para niños
650 4 _aHadas
_xLibros ilustrados para niños.
650 4 _aCuentos infantiles
_xEnseñanza
700 1 _aWallner, John
_eilustraciones
910 _aVMateo V. Control de calidad. BPMSU
942 _2ddc
_cBK
999 _c12179
_d12179